Essentials Of Community Medicine A Practical Approach (Record no. 8650)

MARC details
000 -LEADER
fixed length control field 00408nam a22001577a 4500
003 - CONTROL NUMBER IDENTIFIER
control field OSt
008 - FIXED-LENGTH DATA ELEMENTS--GENERAL INFORMATION
fixed length control field 200610b ||||| |||| 00| 0 eng d
020 ## - INTERNATIONAL STANDARD BOOK NUMBER
International Standard Book Number 9788180613449
100 ## - MAIN ENTRY--PERSONAL NAME
Personal name Lalita D Hiremath DA Hiremath
245 ## - TITLE STATEMENT
Title Essentials Of Community Medicine A Practical Approach
250 ## - EDITION STATEMENT
Edition statement 2nd
260 ## - PUBLICATION, DISTRIBUTION, ETC. (IMPRINT)
Place of publication, distribution, etc New Delhi
Name of publisher, distributor, etc Joy Pee
Date of publication, distribution, etc 2012
300 ## - PHYSICAL DESCRIPTION
Extent 456
650 ## - SUBJECT ADDED ENTRY--TOPICAL TERM
Topical term or geographic name as entry element Clinical Pharmacy
942 ## - ADDED ENTRY ELEMENTS (KOHA)
Source of classification or shelving scheme Dewey Decimal Classification
Koha item type Text Books
Holdings
Withdrawn status Lost status Source of classification or shelving scheme Damaged status Not for loan Collection code Home library Current library Date acquired Source of acquisition Currency Cost, normal purchase price Bill Number Total Checkouts Full call number Acc. no. / Barcode Date last seen Actual Cost, discounted price Bill Date Koha item type
    Dewey Decimal Classification     B.Pharma PIET C-LIBRARY PIET C-LIBRARY 09/01/2020 Kirti Praskshan IN Rupees 450.00 IN5989   614.44 HIE BP527 10/06/2020 324.00 09/01/2020 Reference Books
    Dewey Decimal Classification     B.Pharma PIET C-LIBRARY PIET C-LIBRARY 09/01/2020 Kirti Praskshan IN Rupees 450.00 IN5989   614.44 HIE BP528 10/06/2020 324.00 09/01/2020 Text Books
    Dewey Decimal Classification     B.Pharma PIET C-LIBRARY PIET C-LIBRARY 09/01/2020 Kirti Praskshan IN Rupees 450.00 IN5989   614.44 HIE BP529 10/06/2020 324.00 09/01/2020 Text Books
    Dewey Decimal Classification     B.Pharma PIET C-LIBRARY PIET C-LIBRARY 09/01/2020 Kirti Praskshan IN Rupees 450.00 IN5989   614.44 HIE BP530 10/06/2020 324.00 09/01/2020 Text Books

Design & Developed by: PIET Central Library
R70 Miles Stone Pattikalyana Samalkha Panipat 132102
mail ID :- [email protected], Phone No:- 0180-2569700 Ex.216